000 00607cam a22002171 4500
001 he 65001085
003 DLC
005 20260227111432.0
008 840503s1965 is j 000 0 heb
010 _ahe 65001085
035 _a(OCoLC)19156456
040 _aDLC
_cMH
_dDLC
042 _apremarc
050 0 0 _aPZ90.H3
_bK333
100 1 _aKantor, ʻAnavah.
245 1 0 _aBuʻot sabon /
_c...ʻAnavah Ḳanṭor (Tsaytlin) ; tsiyer Yaʻaḳov Shaḥam.
260 _a[Tel Aviv] :
_bMasadah,
_c[1965]
300 _a46 p. :
_bill. ;
_c27 cm.
500 _aChildren's poetry.
752 _aIsrael
_dTel Aviv
999 _c31250
_d31250